[Event "BEL-chT 1314"]
[Site "Belgium"]
[Date "2014.03.16"]
[Round "11.8"]
[White "Talon, Alain"]
[Black "Lenaerts, Lennert"]
[Result "1/2-1/2"]
[WhiteElo "2039"]
[BlackElo "2146"]
[PlyCount "22"]
[EventDate "2013.09.22"]
[EventType "team-tourn"]
[EventRounds "11"]
[EventCountry "BEL"]
[SourceTitle "EXT 2015"]
[Source "ChessBase"]
[SourceDate "2014.11.20"]
[SourceVersion "1"]
[SourceVersionDate "2014.11.20"]
[SourceQuality "1"]
[WhiteTeam "Borgerhout"]
[BlackTeam "Liege Crelel"]
[WhiteTeamCountry "BEL"]
[BlackTeamCountry "BEL"]

1. b3 e5 2. Bb2 Nc6 3. e3 Nf6 4. Bb5 Bd6 5. Na3 Be7 6. Nc4 d6 7. d4 exd4 8. Qxd4 Bd7 9. Bxc6 Bxc6 10. Nf3 0-0 11. 0-0-0 Ne8 1/2-1/2

[Event "BEL-chT 1314"]
[Site "Belgium"]
[Date "2013.09.22"]
[Round "1.8"]
[White "Braun, Christian1111"]
[Black "Talon, Alain"]
[Result "1-0"]
[WhiteElo "2362"]
[BlackElo "2039"]
[PlyCount "73"]
[EventDate "2013.09.22"]
[EventType "team-tourn"]
[EventRounds "11"]
[EventCountry "BEL"]
[SourceTitle "CBM 156 Extra"]
[Source "ChessBase"]
[SourceDate "2013.10.22"]
[SourceVersion "1"]
[SourceVersionDate "2013.10.22"]
[SourceQuality "1"]
[WhiteTeam "Eynatten"]
[BlackTeam "Borgerhout"]
[WhiteTeamCountry "BEL"]
[BlackTeamCountry "BEL"]

1. e4 b6 2. d3 Bb7 3. g3 e6 4. Bg2 g6 5. Nf3 Bg7 6. h4 h6 7. Nbd2 d6 8. 0-0 Nd7 9. h5 g5 10. Nh2 Qe7 11. Qe2 0-0-0 12. a4 a6 13. a5 b5 14. Nb3 c5 15. c3 Kb8 16. d4 c4 17. Nd2 Rc8 18. Rb1 e5 19. d5 Nc5 20. Rd1 Qc7 21. Ra1 Ne7 22. Ng4 Rcf8 23. Ra3 Bc8 24. Ne3 f5 25. Nc2 f4 26. b3 cxb3 27. Nxb3 Rf7 28. Nxc5 Qxc5 29. c4 Rhf8 30. g4 f3 31. Bxf3 Bxg4 32. Bxg4 Rxf2 33. Be3 Rxe2 34. Bxc5 Rxc2 35. Bxd6+ Kb7 36. Bxe7 Rff2 37. Rg3 1-0

[Event "Brasschaat op 06th"]
[Site "Brasschaat"]
[Date "2006.08.20"]
[Round "2"]
[White "Talon, Alain"]
[Black "Verbruggen, Samuel"]
[Result "0-1"]
[WhiteElo "2085"]
[BlackElo "1880"]
[PlyCount "40"]
[EventDate "2006.08.19"]
[EventType "swiss"]
[EventRounds "9"]
[EventCountry "BEL"]
[SourceTitle "CBM 113 Extra"]
[Source "ChessBase"]
[SourceDate "2006.09.14"]
[SourceVersion "1"]
[SourceVersionDate "2006.09.14"]
[SourceQuality "1"]

1. Nf3 d5 2. b3 Nf6 3. Bb2 c5 4. e3 Nc6 5. a3 e6 6. d4 Be7 7. Nbd2 0-0 8. Bd3 Nd7 9. c4 Bf6 10. Qc2 h6 11. h4 cxd4 12. exd4 e5 13. cxd5 Nxd4 14. Bxd4 exd4 15. 0-0-0 Nb6 16. Bh7+ Kh8 17. Ng5 Bg4 18. Bg8 Rc8 19. Nc4 Bxg5+ 20. hxg5 Qxg5+ 0-1

[Event "BEL-ch opB"]
[Site "Westerlo"]
[Date "2004.07.??"]
[Round "2"]
[White "Glibert, Stephane"]
[Black "Talon, Alain"]
[Result "0-1"]
[WhiteElo "1594"]
[BlackElo "2097"]
[PlyCount "84"]
[EventDate "2004.07.??"]
[EventType "swiss"]
[EventRounds "9"]
[EventCountry "BEL"]
[SourceTitle "EXT 2005"]
[Source "ChessBase"]
[SourceDate "2004.11.15"]
[SourceVersion "1"]
[SourceVersionDate "2004.11.15"]
[SourceQuality "1"]

1. e4 c5 2. Nf3 Nc6 3. d4 cxd4 4. Nxd4 Nf6 5. Nc3 e5 6. Nb3 h6 7. a3 Be7 8. Bc4 d6 9. 0-0 0-0 10. Qe2 a6 11. Rd1 b5 12. Bd5 Qc7 13. f3 Be6 14. Be3 Rac8 15. Rac1 Nb8 16. Qf2 Nbd7 17. Rd2 Rb8 18. Ba7 Rbc8 19. Be3 Nxd5 20. Nxd5 Bxd5 21. Rxd5 f5 22. exf5 Rxf5 23. Rdd1 Rcf8 24. Qe2 Nb6 25. Nd2 d5 26. c3 Qb7 27. Rf1 Rd8 28. Rfd1 Rff8 29. Qe1 Bf6 30. Kh1 Rfe8 31. Bf2 Na4 32. Rc2 Rc8 33. Rdc1 Bg5 34. Be3 Bf6 35. b3 Nc5 36. Bxc5 Rxc5 37. c4 bxc4 38. bxc4 Rec8 39. Qd1 Rd8 40. cxd5 Rcxd5 41. Qe2 Bg5 42. Rb1 Qxb1+ 0-1

[Event "BEL-ch opB"]
[Site "Westerlo"]
[Date "2004.07.??"]
[Round "4"]
[White "Talon, Alain"]
[Black "Van den Brande, Werner"]
[Result "1-0"]
[WhiteElo "2097"]
[BlackElo "2248"]
[PlyCount "83"]
[EventDate "2004.07.??"]
[EventType "swiss"]
[EventRounds "9"]
[EventCountry "BEL"]
[SourceTitle "EXT 2005"]
[Source "ChessBase"]
[SourceDate "2004.11.15"]
[SourceVersion "1"]
[SourceVersionDate "2004.11.15"]
[SourceQuality "1"]

1. a3 e5 2. c4 Nf6 3. e3 c6 4. Nf3 e4 5. Nd4 d5 6. cxd5 cxd5 7. b4 a5 8. b5 Bd6 9. Be2 0-0 10. Bb2 Nbd7 11. f4 Nb6 12. Nc3 Bd7 13. 0-0 Rc8 14. h3 Nc4 15. Bxc4 Rxc4 16. Qe1 Bc5 17. Nce2 Qb6 18. Qg3 Rc8 19. a4 Be7 20. Kh1 Ne8 21. Nc3 Qd8 22. Nxd5 Bh4 23. Qh2 Bxb5 24. axb5 Qxd5 25. Rxa5 Nd6 26. Bc3 Rxd4 27. exd4 b6 28. Raa1 Nf5 29. Qg1 Ng3+ 30. Kh2 Nxf1+ 31. Qxf1 Bf6 32. Ra4 h6 33. Qe2 Be7 34. Ra7 Bd6 35. Qg4 Rc4 36. Rd7 e3 37. Rd8+ Kh7 38. Re8 exd2 39. Bxd2 Rc2 40. Be3 f5 41. Re5 Qxe5 42. fxe5 1-0

[Event "BEL-ch opB"]
[Site "Westerlo"]
[Date "2004.07.??"]
[Round "7"]
[White "Talon, Alain"]
[Black "Verellen, Jef"]
[Result "1-0"]
[WhiteElo "2097"]
[BlackElo "1899"]
[PlyCount "79"]
[EventDate "2004.07.??"]
[EventType "swiss"]
[EventRounds "9"]
[EventCountry "BEL"]
[SourceTitle "EXT 2005"]
[Source "ChessBase"]
[SourceDate "2004.11.15"]
[SourceVersion "1"]
[SourceVersionDate "2004.11.15"]
[SourceQuality "1"]

1. a3 e5 2. e4 Nf6 3. d3 d5 4. Nd2 Bc5 5. Be2 Be6 6. h3 c6 7. Ngf3 Nbd7 8. b4 Bd6 9. c3 0-0 10. Bb2 Nh5 11. Qc2 Nf4 12. Bf1 Rc8 13. g3 Ng6 14. h4 Bg4 15. Bg2 Nf6 16. c4 d4 17. c5 Bb8 18. Nc4 Nh5 19. Nh2 Be6 20. Bf3 Nf6 21. h5 Ne7 22. h6 g6 23. Bc1 Ne8 24. Bg4 f5 25. Bh3 Nf6 26. Nf3 Bxc4 27. Qxc4+ Kh8 28. Ng5 Qe8 29. Bb2 Ng4 30. Bxg4 fxg4 31. Qe6 Ng8 32. Qxg4 Qe7 33. Ke2 b6 34. Rac1 a5 35. cxb6 axb4 36. a4 Nf6 37. Qe6 Qxe6 38. Nxe6 Rf7 39. Ng5 Rff8 40. a5 1-0

[Event "BEL-chT 0304"]
[Site "Belgium"]
[Date "2003.12.14"]
[Round "1.6"]
[White "De Haan, Eric"]
[Black "Talon, Alain"]
[Result "1-0"]
[WhiteElo "2264"]
[BlackElo "2097"]
[PlyCount "59"]
[EventDate "2003.10.01"]
[EventType "team"]
[EventRounds "11"]
[EventCountry "BEL"]
[SourceTitle "CBM 097 Extra"]
[Source "ChessBase"]
[SourceDate "2004.01.13"]
[SourceVersion "1"]
[SourceVersionDate "2004.01.13"]
[SourceQuality "1"]
[WhiteTeam "Borgerhout"]
[BlackTeam "Hoboken"]
[WhiteTeamCountry "BEL"]
[BlackTeamCountry "BEL"]

1. d4 e6 2. c4 Nf6 3. Nf3 b6 4. a3 Ba6 5. Qc2 Bb7 6. Nc3 c5 7. dxc5 bxc5 8. Bf4 d6 9. Rd1 Qb6 10. e3 Be7 11. Be2 0-0 12. 0-0 Nbd7 13. Rd2 Rab8 14. Rfd1 e5 15. Bg5 h6 16. Bh4 a6 17. Bd3 Rfe8 18. Bf5 Rbd8 19. Ne4 Nxe4 20. Bxe4 Bxe4 21. Qxe4 Bxh4 22. Nxh4 Nf6 23. Qf3 e4 24. Qg3 Re6 25. Nf5 Ne8 26. Qh4 Rd7 27. h3 Qb3 28. Rc1 Re5 29. Nxh6+ gxh6 30. Qg4+ 1-0

[Event "Brasschaat op 03rd"]
[Site "Brasschaat"]
[Date "2003.08.25"]
[Round "3"]
[White "Talon, Alain"]
[Black "Van Gompel, Willy"]
[Result "1-0"]
[WhiteElo "2117"]
[BlackElo "1730"]
[PlyCount "53"]
[EventDate "2003.08.24"]
[EventType "swiss"]
[EventRounds "9"]
[EventCountry "BEL"]
[SourceTitle "EXT 2017"]
[Source "ChessBase"]
[SourceDate "2016.10.25"]
[SourceVersion "1"]
[SourceVersionDate "2016.10.25"]
[SourceQuality "1"]

1. Nf3 d5 2. g3 Nf6 3. Bg2 Nc6 4. 0-0 e5 5. d3 Bg4 6. c3 Bd6 7. a3 0-0 8. b4 a6 9. Qc2 h6 10. e4 Be6 11. Re1 Nd7 12. Nh4 d4 13. c4 Be7 14. Nf5 Bxf5 15. exf5 Nf6 16. h3 Qd7 17. g4 Nh7 18. Nd2 f6 19. Ne4 Nd8 20. Bd2 Nf7 21. Ng3 Rab8 22. a4 c5 23. b5 axb5 24. axb5 Ra8 25. Bd5 Kh8 26. Rxa8 Rxa8 27. Bxf7 1-0

[Event "Geraardsbergen op"]
[Site "Geraardsbergen"]
[Date "2003.08.15"]
[Round "3"]
[White "Talon, Alain"]
[Black "Vanhee, Freddy"]
[Result "1-0"]
[WhiteElo "2117"]
[BlackElo "1979"]
[PlyCount "81"]
[EventDate "2003.08.??"]
[EventType "swiss"]
[EventRounds "7"]
[EventCountry "BEL"]
[SourceTitle "EXT 2005"]
[Source "ChessBase"]
[SourceDate "2004.11.15"]
[SourceVersion "1"]
[SourceVersionDate "2004.11.15"]
[SourceQuality "1"]

1. e4 c5 2. Nf3 Nc6 3. Bb5 a6 4. Bxc6 dxc6 5. h3 Qc7 6. d3 e5 7. a4 a5 8. b3 g6 9. Bb2 Bg7 10. Na3 Nh6 11. 0-0 0-0 12. Qd2 f6 13. Qc3 Be6 14. Qxc5 Rf7 15. Qe3 Rd7 16. Rad1 Nf7 17. Qe2 Nd8 18. d4 exd4 19. Nxd4 Bf7 20. Nf3 Ne6 21. Rxd7 Qxd7 22. Rd1 Qc7 23. Qe3 Nf4 24. g3 Nxh3+ 25. Kg2 g5 26. Kxh3 g4+ 27. Kg2 gxf3+ 28. Qxf3 Rd8 29. Qf4 Qe7 30. Rh1 Bg6 31. Re1 Re8 32. f3 Qb4 33. Re2 f5 34. e5 Qf8 35. Nc4 Qb4 36. Nd6 Qxf4 37. gxf4 Re7 38. Nc4 Bf6 39. Nxa5 Bh5 40. Kf2 Bh4+ 41. Ke3 1-0

[Event "Brasschaat op 03rd"]
[Site "Brasschaat"]
[Date "2003.08.??"]
[Round "1"]
[White "Talon, Alain"]
[Black "De Jonghe, Marc"]
[Result "1-0"]
[WhiteElo "2117"]
[BlackElo "1646"]
[PlyCount "111"]
[EventDate "2003.08.24"]
[EventType "swiss"]
[EventRounds "9"]
[EventCountry "BEL"]
[SourceTitle "EXT 2017"]
[Source "ChessBase"]
[SourceDate "2016.10.25"]
[SourceVersion "1"]
[SourceVersionDate "2016.10.25"]
[SourceQuality "1"]

1. Nf3 c5 2. e4 Nc6 3. Bb5 Nf6 4. Bxc6 bxc6 5. e5 Nd5 6. 0-0 g6 7. d3 Bg7 8. Re1 0-0 9. c4 Nc7 10. Nc3 Rb8 11. b3 d6 12. Bb2 Bg4 13. exd6 exd6 14. h3 Bd7 15. Qd2 Ne6 16. Ne4 d5 17. cxd5 cxd5 18. Nc3 Qa5 19. Nxd5 Qxd2 20. Ne7+ Kh8 21. Bxg7+ Kxg7 22. Nxd2 Bb5 23. Nd5 Rfd8 24. Ne3 Rxd3 25. Ndc4 Rbd8 26. Rac1 a6 27. Kh2 h6 28. Re2 Nd4 29. Rb2 Ne6 30. Rcc2 h5 31. Ne5 R3d4 32. Nf3 Rd3 33. Ne5 R3d6 34. N3c4 Rd5 35. Nf3 Nd4 36. Nxd4 cxd4 37. Nd2 g5 38. a4 Bd3 39. Rc6 a5 40. Kg1 Re5 41. Nf3 Re2 42. Rxe2 Bxe2 43. Nd2 Rd5 44. f3 Bd1 45. Rc1 Be2 46. Kf2 Bd3 47. Nc4 f6 48. Ke1 Kg6 49. Kd2 Bf5 50. g4 hxg4 51. hxg4 Be6 52. Re1 Bf7 53. Re7 f5 54. Ne5+ Kf6 55. Rxf7+ Kxe5 56. Rxf5+ 1-0

[Event "Ghent VSF-chB"]
[Site "Ghent"]
[Date "2003.05.30"]
[Round "2"]
[White "Maenhout, Thibaut"]
[Black "Talon, Alain"]
[Result "0-1"]
[WhiteElo "1872"]
[BlackElo "2113"]
[PlyCount "64"]
[EventDate "2003.05.29"]
[EventType "swiss"]
[EventRounds "7"]
[EventCountry "BEL"]
[SourceTitle "EXT 2005"]
[Source "ChessBase"]
[SourceDate "2004.11.15"]
[SourceVersion "1"]
[SourceVersionDate "2004.11.15"]
[SourceQuality "1"]

1. e4 c5 2. Nf3 d6 3. d4 cxd4 4. Nxd4 Nf6 5. Nc3 a6 6. Be2 Nbd7 7. Be3 b5 8. 0-0 Bb7 9. f3 Rc8 10. Qd2 Nb6 11. g4 e5 12. Nf5 g6 13. Ng3 b4 14. Nd1 d5 15. g5 Nfd7 16. exd5 Nxd5 17. Ne4 Be7 18. c4 Nxe3 19. Nxe3 Bxe4 20. fxe4 Bc5 21. Bg4 0-0 22. Kh1 Qxg5 23. Qxd7 Rcd8 24. Nd5 Rxd7 25. Bxd7 Qh4 26. Nf6+ Kg7 27. Rad1 Be7 28. Ng4 h5 29. Nxe5 Qxe4+ 30. Nf3 Bf6 31. b3 Rd8 32. h3 Qb7 0-1

[Event "Brasschaat op 02nd"]
[Site "Brasschaat"]
[Date "2002.08.??"]
[Round "4"]
[White "Talon, Alain"]
[Black "Docx, Stefan"]
[Result "0-1"]
[WhiteElo "2099"]
[BlackElo "2343"]
[PlyCount "90"]
[EventDate "2002.08.??"]
[EventType "swiss"]
[EventRounds "7"]
[EventCountry "BEL"]
[SourceTitle "EXT 2005"]
[Source "ChessBase"]
[SourceDate "2004.11.15"]
[SourceVersion "1"]
[SourceVersionDate "2004.11.15"]
[SourceQuality "1"]

1. Nf3 d5 2. g3 g6 3. Bg2 Bg7 4. 0-0 e5 5. c4 d4 6. d3 Ne7 7. b4 0-0 8. Nbd2 h6 9. Nb3 Nd7 10. Bb2 Re8 11. Ne1 c5 12. a3 Rb8 13. b5 b6 14. Nd2 Bb7 15. a4 Nc8 16. Qc2 f5 17. Bxb7 Rxb7 18. Ng2 Nf6 19. a5 Nd6 20. e3 Rd7 21. exd4 exd4 22. axb6 axb6 23. Rfe1 Rde7 24. Rxe7 Rxe7 25. Ra6 Kh7 26. Qd1 Nf7 27. Nb3 Qc7 28. Ba3 Ng5 29. Nf4 Re1+ 30. Qxe1 Nf3+ 31. Kf1 Nxe1 32. Kxe1 g5 33. Ne2 Nd7 34. f4 Qb7 35. Kd2 Bf8 36. Bb2 Be7 37. Bxd4 cxd4 38. Nbxd4 Nc5 39. Ra2 Qd7 40. Ra3 Ne4+ 41. dxe4 Bxa3 42. e5 Bb4+ 43. Kc2 Qa7 44. Nc6 Qa2+ 45. Kd3 Qd2# 0-1

[Event "SEMI A002 corr"]
[Site "SEMI email"]
[Date "1999.??.??"]
[Round "?"]
[White "Almonti, Alessandro"]
[Black "Talon, Alain"]
[Result "0-1"]
[WhiteElo "1900"]
[BlackElo "2114"]
[PlyCount "100"]
[EventDate "1999.07.01"]
[EventType "tourn (corr)"]
[EventRounds "6"]
[EventCountry "ITA"]
[SourceTitle "Corr 2002"]
[Source "ChessBase"]
[SourceDate "2002.05.23"]
[SourceVersion "1"]
[SourceVersionDate "2002.05.23"]
[SourceQuality "1"]

1. Nf3 g6 2. g3 Bg7 3. Bg2 d5 4. d3 e5 5. Nbd2 c6 6. e4 a5 7. 0-0 Ne7 8. Re1 d4 9. Qe2 0-0 10. c4 Nd7 11. b3 Nc5 12. Ba3 b6 13. Ng5 f6 14. Nh3 g5 15. Kh1 Be6 16. f4 h6 17. f5 Bf7 18. Nf2 Nb7 19. Bf3 c5 20. Bh5 Qe8 21. Bxf7+ Rxf7 22. Kg2 Nc6 23. Rec1 Nd6 24. g4 Nb4 25. Bb2 a4 26. a3 Nc6 27. bxa4 Rxa4 28. Qd1 Qa8 29. Qc2 h5 30. Kg3 h4+ 31. Kg2 Rb7 32. Nb3 Nb8 33. Rcb1 Nd7 34. Nd2 Bf8 35. Bc1 Be7 36. Nh3 Kf8 37. Ng1 b5 38. cxb5 c4 39. dxc4 Nxc4 40. Nxc4 Rc7 41. Qe2 Rcxc4 42. Nf3 Nc5 43. Nd2 d3 44. Qf3 Rc2 45. Rb2 Rxb2 46. Bxb2 Nxe4 47. Bc1 Bc5 48. h3 Bb6 49. Kh2 Qd5 50. Qg2 Qd4 0-1

[Event "BEL-chT 9899"]
[Site "Antwerp"]
[Date "1998.12.20"]
[Round "5"]
[White "Beeckmans, Felix"]
[Black "Talon, Alain"]
[Result "1-0"]
[WhiteElo "2210"]
[BlackElo "2110"]
[PlyCount "81"]
[EventDate "1998.10.??"]
[EventType "team"]
[EventRounds "11"]
[EventCountry "BEL"]
[SourceTitle "EXT 2000"]
[Source "ChessBase"]
[SourceDate "1999.11.16"]
[SourceVersion "1"]
[SourceVersionDate "1999.11.16"]
[SourceQuality "1"]

1. c4 e5 2. g3 g6 3. Bg2 Bg7 4. Nc3 Nc6 5. Rb1 a5 6. a3 d6 7. d3 Nf6 8. Nf3 0-0 9. b4 axb4 10. axb4 h6 11. 0-0 Be6 12. b5 Ne7 13. Bb2 b6 14. Ra1 Rc8 15. Qb3 Qd7 16. Rfd1 Bh3 17. Bh1 Nh7 18. d4 exd4 19. Nxd4 Nf5 20. Bc6 Qd8 21. Nxf5 Bxf5 22. Nd5 Bxb2 23. Qxb2 Be6 24. Ra7 Bxd5 25. Rxd5 Ng5 26. Rd3 Ne6 27. Rf3 Ng5 28. Re3 Ne6 29. h4 h5 30. Rf3 Ng7 31. Bb7 Rb8 32. Bd5 Nf5 33. Be4 Ng7 34. Qf6 Qxf6 35. Rxf6 Rbe8 36. Bd5 Rxe2 37. Rxc7 Ne8 38. Rxg6+ Kh7 39. Rxf7+ Kxg6 40. Rxf8 Nf6 41. Rd8 1-0

[Event "SEMI W-ch3 A3 email"]
[Site "SEMI email"]
[Date "1998.11.09"]
[Round "?"]
[White "Quirini, Luciano"]
[Black "Talon, Alain"]
[Result "1/2-1/2"]
[WhiteElo "1900"]
[BlackElo "2123"]
[PlyCount "41"]
[EventDate "1998.11.??"]
[EventType "tourn (corr)"]
[EventRounds "6"]
[EventCountry "ITA"]
[SourceTitle "Corr 2008"]
[Source "ChessBase"]
[SourceDate "2008.06.24"]
[SourceVersion "1"]
[SourceVersionDate "2008.06.24"]
[SourceQuality "1"]

1. d4 g6 2. c4 Bg7 3. e4 c5 4. Nf3 cxd4 5. Nxd4 Nc6 6. Be3 Nf6 7. Nc3 Nxd4 8. Bxd4 0-0 9. Be2 d6 10. 0-0 Be6 11. f4 Rc8 12. b3 Qa5 13. f5 Bd7 14. Bxf6 Qc5+ 15. Kh1 Bxf6 16. Nd5 Rce8 17. b4 Qc6 18. Nxf6+ exf6 19. Bf3 Qxc4 20. Qxd6 Bc6 21. Rac1 1/2-1/2

[Event "SEMI W-ch3 A3 email"]
[Site "SEMI email"]
[Date "1998.11.09"]
[Round "?"]
[White "Scacco, Mauro"]
[Black "Talon, Alain"]
[Result "1-0"]
[WhiteElo "2020"]
[BlackElo "2123"]
[PlyCount "79"]
[EventDate "1998.11.??"]
[EventType "tourn (corr)"]
[EventRounds "6"]
[EventCountry "ITA"]
[SourceTitle "Corr 2008"]
[Source "ChessBase"]
[SourceDate "2008.06.24"]
[SourceVersion "1"]
[SourceVersionDate "2008.06.24"]
[SourceQuality "1"]

1. e4 e5 2. Nf3 f5 3. Nxe5 Qf6 4. Nc4 fxe4 5. Nc3 Qf7 6. d4 Nf6 7. Bg5 Bb4 8. Ne3 c6 9. a3 Bxc3+ 10. bxc3 0-0 11. Qd2 d5 12. Be2 Be6 13. Rb1 b5 14. 0-0 Nbd7 15. a4 a6 16. a5 Qg6 17. Bf4 c5 18. Bd6 Rfc8 19. f4 Qe8 20. Rbe1 Rc6 21. Be5 Qd8 22. g4 c4 23. g5 Ne8 24. Ng4 Nd6 25. Ne3 Nb7 26. Kh1 Qxa5 27. f5 Bf7 28. Ng4 Qb6 29. Qf4 Nd8 30. f6 Ne6 31. Qg3 g6 32. Qh4 Nxe5 33. Nxe5 Rc7 34. Bg4 Qd6 35. Re3 Nf8 36. Qh6 Be8 37. h4 Raa7 38. h5 Rf7 39. Rh3 Rfb7 40. Bf5 1-0

[Event "SEMI W-ch3 A3 email"]
[Site "SEMI email"]
[Date "1998.11.09"]
[Round "?"]
[White "Talon, Alain"]
[Black "Fricot, Frederic"]
[Result "1-0"]
[WhiteElo "2123"]
[BlackElo "1926"]
[PlyCount "47"]
[EventDate "1998.11.??"]
[EventType "tourn (corr)"]
[EventRounds "6"]
[EventCountry "ITA"]
[SourceTitle "Corr 2008"]
[Source "ChessBase"]
[SourceDate "2008.06.24"]
[SourceVersion "1"]
[SourceVersionDate "2008.06.24"]
[SourceQuality "1"]

1. Nf3 c5 2. e4 Nc6 3. Bb5 Qb6 4. Bxc6 Qxc6 5. Nc3 d6 6. d4 Nf6 7. Qe2 Bg4 8. d5 Qb6 9. h3 Bh5 10. g4 Bg6 11. Nd2 h6 12. Nc4 Qc7 13. f4 Nd7 14. f5 Bh7 15. Bf4 a6 16. e5 0-0-0 17. e6 fxe6 18. dxe6 Nf6 19. h4 g6 20. g5 Nh5 21. Bh2 b5 22. Nd5 Qb7 23. Ncb6+ Kb8 24. a4 1-0

[Event "SEMI W-ch2 A4 email"]
[Site "SEMI email"]
[Date "1998.04.15"]
[Round "?"]
[White "Buese, Ralf"]
[Black "Talon, Alain"]
[Result "1/2-1/2"]
[WhiteElo "1960"]
[BlackElo "2123"]
[PlyCount "49"]
[EventDate "1998.??.??"]
[EventType "tourn (corr)"]
[EventRounds "6"]
[EventCountry "ITA"]
[SourceTitle "Corr 2008"]
[Source "ChessBase"]
[SourceDate "2008.06.24"]
[SourceVersion "1"]
[SourceVersionDate "2008.06.24"]
[SourceQuality "1"]

1. c4 e5 2. Nc3 d6 3. Nf3 g6 4. g3 Bg7 5. Bg2 Nc6 6. d3 Nf6 7. 0-0 0-0 8. Rb1 h6 9. b4 a6 10. a4 Be6 11. b5 axb5 12. axb5 Ne7 13. Bb2 b6 14. Qd2 Nd7 15. Ra1 Rb8 16. Ra7 Nc5 17. Qc2 Rc8 18. Rfa1 Re8 19. Na4 Nd7 20. Nd2 Nf8 21. e3 Rb8 22. Nc3 Qd7 23. R1a6 Rec8 24. Na4 Qe8 25. Nc3 1/2-1/2

[Event "SEMI W-ch2 A4 email"]
[Site "SEMI email"]
[Date "1998.04.15"]
[Round "?"]
[White "Talon, Alain"]
[Black "Caressa, Marco"]
[Result "1-0"]
[WhiteElo "2123"]
[BlackElo "1900"]
[PlyCount "75"]
[EventDate "1998.??.??"]
[EventType "tourn (corr)"]
[EventRounds "6"]
[EventCountry "ITA"]
[SourceTitle "Corr 2008"]
[Source "ChessBase"]
[SourceDate "2008.06.24"]
[SourceVersion "1"]
[SourceVersionDate "2008.06.24"]
[SourceQuality "1"]

1. Nf3 d5 2. e3 c6 3. c4 Nf6 4. Nc3 g6 5. b3 Bg7 6. Bb2 0-0 7. cxd5 cxd5 8. h3 Nc6 9. d4 Qa5 10. Qd2 Bf5 11. Ne5 Nb4 12. Rc1 Rfc8 13. a3 Nc6 14. g4 Be6 15. Nd3 b5 16. Bg2 b4 17. axb4 Nxb4 18. Nxb4 Qxb4 19. g5 Nd7 20. Nxd5 Rxc1+ 21. Bxc1 Qxd2+ 22. Bxd2 Bxd5 23. Bxd5 Rc8 24. Ke2 Kf8 25. Ra1 Rc7 26. Ba5 Rc8 27. Bb7 Rb8 28. Bc6 Nb6 29. Bxb6 Rxb6 30. Rxa7 Bxd4 31. exd4 Rxc6 32. Ra8+ Kg7 33. Kd3 Rc1 34. Re8 e6 35. b4 Rh1 36. b5 Rxh3+ 37. Kc2 Rh5 38. b6 1-0

[Event "SEMI W-ch2 A4 email"]
[Site "SEMI email"]
[Date "1998.04.15"]
[Round "?"]
[White "Talon, Alain"]
[Black "Hanssen, Paul"]
[Result "1/2-1/2"]
[WhiteElo "2123"]
[BlackElo "1900"]
[PlyCount "23"]
[EventDate "1998.??.??"]
[EventType "tourn (corr)"]
[EventRounds "6"]
[EventCountry "ITA"]
[SourceTitle "Corr 2008"]
[Source "ChessBase"]
[SourceDate "2008.06.24"]
[SourceVersion "1"]
[SourceVersionDate "2008.06.24"]
[SourceQuality "1"]

1. e4 e5 2. Nf3 Nc6 3. d3 Nf6 4. c3 d5 5. Nbd2 a5 6. Be2 Bc5 7. 0-0 0-0 8. b3 Qe7 9. a3 Rd8 10. Qc2 Nh5 11. exd5 Rxd5 12. Nc4 1/2-1/2

[Event "BEL-chT 9798"]
[Site "Antwerp"]
[Date "1998.??.??"]
[Round "9"]
[White "Talon, Alain"]
[Black "Faybish, Nimrod"]
[Result "1/2-1/2"]
[WhiteElo "2110"]
[BlackElo "2225"]
[PlyCount "53"]
[EventDate "1997.??.??"]
[EventType "team"]
[EventRounds "11"]
[EventCountry "BEL"]
[SourceTitle "EXT 1999"]
[Source "ChessBase"]
[SourceDate "1998.11.16"]
[SourceVersion "1"]
[SourceVersionDate "1998.11.16"]
[SourceQuality "1"]

1. e4 c5 2. c4 Nc6 3. Nc3 g6 4. g3 Bg7 5. Bg2 Nf6 6. Nge2 0-0 7. 0-0 Ne8 8. Rb1 Nc7 9. a3 Ne6 10. b4 d6 11. d3 Ncd4 12. Be3 Rb8 13. f4 Bd7 14. f5 Nxe2+ 15. Nxe2 Nd4 16. g4 b5 17. Nxd4 cxd4 18. Bf4 Rc8 19. Rc1 Qb6 20. Kh1 Qa6 21. Qb3 bxc4 22. dxc4 Rc7 23. Rfe1 Rfc8 24. Bf1 Qb7 25. Bg2 Qa6 26. Bf1 Qb7 27. Bg2 1/2-1/2